Demografie revue pro výzkum populačního vývoje

Enregistré dans:
Détails bibliographiques
Format: Inconnue
Publié: Praha Český statistický úřad 2005
Tags: Ajouter un tag
Pas de tags, Soyez le premier à ajouter un tag!

MARC

LEADER 00000 a2200000 4500
001 0030192
005 20190408135934.7
022 |a 0011-8265 
245 1 0 |a Demografie  |b revue pro výzkum populačního vývoje 
264 1 |a Praha  |b Český statistický úřad  |c 2005 
773 0 |w eu_un_cat*s120010 
774 0 |w eu_un_cat*0089261